[Event "SR 4. liga A21 2013/2014"]
[Site "?"]
[Date "2014.03.30"]
[Round "11.1"]
[White "Sadlon, Juraj"]
[Black "Podjavorinsky, Michal"]
[Result "0-1"]
[WhiteElo "1801"]
[BlackElo "1719"]
[PlyCount "132"]
[EventDate "2013.??.??"]

1. e4 e6 2. d4 d5 3. exd5 exd5 4. Bd3 Bd6 5. Ne2 Nf6 6. O-O O-O 7. Bf4 Bg4 8.
f3 Bh5 9. Qd2 c6 10. Bxd6 Qxd6 11. Nf4 Bg6 12. Nxg6 hxg6 13. Nc3 Nbd7 14. Rae1
Rfe8 15. Ne2 c5 16. c3 c4 17. Bb1 b5 18. Qf4 Qxf4 19. Nxf4 Kf8 20. Kf2 Rab8 21.
Rxe8+ Kxe8 22. Re1+ Kf8 23. g4 Nb6 24. Bc2 a5 25. Ke3 Ne8 26. Kd2 Nc7 27. h4
Re8 28. Rxe8+ Kxe8 29. h5 gxh5 30. Nxh5 g6 31. Ng3 Ne6 32. Ke3 g5 33. Nh5 Ke7
34. Bf5 Na4 35. f4 gxf4+ 36. Nxf4 Nxf4 37. Kxf4 Nxb2 38. Bc2 Nd3+ 39. Ke3 Kf6
40. a4 bxa4 41. Bxa4 Nc1 42. Kd2 Nd3 43. Ke3 Nb2 44. Bc6 Ke6 45. Kd2 a4 46. Be8
a3 47. Kc2 Nd1 48. Kb1 Nxc3+ 49. Ka1 Ne2 50. Ka2 Nxd4 51. Kxa3 Nc2+ 52. Kb2 Ne3
53. g5 Ke7 54. Bc6 d4 55. Bb5 Ke6 56. Be8 Kf5 57. Bxf7 Kxg5 58. Kc1 Kf4 59. Kd2
Ke4 60. Bg6+ Nf5 61. Kc2 Kf4 62. Kd2 Nd6 63. Bh7 Ne4+ 64. Kd1 d3 65. Bg8 c3 66.
Bb3 Ke3 0-1

[Event "SR 4. liga A21 2013/2014"]
[Site "?"]
[Date "2014.03.30"]
[Round "11.1"]
[White "Miciak, Emanuel"]
[Black "Skapik, Branislav"]
[Result "1-0"]
[WhiteElo "1896"]
[BlackElo "1841"]
[PlyCount "140"]
[EventDate "2013.??.??"]

1. d4 d5 2. c4 c6 3. Nf3 Nf6 4. Nc3 Bg4 5. h3 Bh5 6. Qb3 dxc4 7. Qxb7 Nbd7 8.
Bf4 Qc8 9. Qxc8+ Rxc8 10. e4 Nb6 11. Ne5 c5 12. d5 h6 13. Nxc4 g5 14. Bh2 Bg7
15. Ne5 O-O 16. Nc6 Nfxd5 17. exd5 Bxc3+ 18. bxc3 Nxd5 19. Bc4 Rxc6 20. Bxd5
Rb6 21. O-O Rd8 22. Bxf7+ Kxf7 23. Bc7 Rd2 24. Bxb6 axb6 25. a4 Be2 26. Rfc1 h5
27. a5 bxa5 28. Rxa5 Rd5 29. Re1 Bc4 30. Ra7 Rd3 31. Raxe7+ Kf6 32. R7e3 Rd2
33. Rc1 Bd3 34. Re8 c4 35. Ra8 Kf5 36. Ra5+ Kf6 37. Ra3 Kf5 38. Ra8 Kf6 39.
Rf8+ Kg7 40. Re8 Bf5 41. Kf1 Kf7 42. Re3 Bd3+ 43. Ke1 Ra2 44. Rf3+ Ke6 45. Re3+
Kf5 46. Rd1 Rc2 47. Rexd3 cxd3 48. Rxd3 Ke4 49. Re3+ Kf4 50. g3+ Kf5 51. Kd1
Rxf2 52. c4 Rf1+ 53. Kd2 Rf2+ 54. Kd3 Rf1 55. c5 h4 56. gxh4 gxh4 57. Kd4 Rd1+
58. Kc4 Kf4 59. Rd3 Rc1+ 60. Kd5 Kf5 61. c6 Kf4 62. Kd6 Ke4 63. Rb3 Rd1+ 64.
Kc7 Rg1 65. Rb4+ Kd5 66. Rxh4 Rg7+ 67. Kb6 Rg1 68. Rb4 Rg6 69. Rb5+ Kc4 70. Rh5
Rg8 1-0

[Event "SR 4. liga A21 2013/2014"]
[Site "?"]
[Date "2014.03.30"]
[Round "11.1"]
[White "Bajcar, Pavol"]
[Black "Likavska, Barbora"]
[Result "0-1"]
[WhiteElo "1745"]
[BlackElo "1870"]
[PlyCount "57"]
[EventDate "2013.??.??"]

1. d4 Nf6 2. Bf4 d6 3. Nf3 g6 4. Nbd2 Bg7 5. e4 Nh5 6. Bg3 Nxg3 7. hxg3 Bg4 8.
c3 O-O 9. Bc4 Nd7 10. Qb3 Nb6 11. Ng5 Nxc4 12. Qxc4 h6 13. Ngf3 c6 14. e5 dxe5
15. Nxe5 Be6 16. Qe2 Qd5 17. Ndf3 Rad8 18. Qe3 g5 19. Nd3 Bf5 20. Nc1 e5 21.
O-O exd4 22. cxd4 Bxd4 23. Nxd4 Qxd4 24. Qb3 b6 25. Ne2 Qd3 26. Nc3 Qc2 27.
Qxc2 Bxc2 28. Rac1 Bf5 29. Ne2 0-1

[Event "SR 4. liga A21 2013/2014"]
[Site "?"]
[Date "2014.03.30"]
[Round "11.1"]
[White "Sadlon, Matus"]
[Black "Kosinar, Oto"]
[Result "1-0"]
[WhiteElo "1582"]
[BlackElo "1000"]
[PlyCount "53"]
[EventDate "2013.??.??"]

1. e4 e5 2. Nf3 Nc6 3. Bb5 d6 4. c3 Bd7 5. O-O Nf6 6. Re1 Be7 7. d4 O-O 8. Nbd2
a6 9. Ba4 Bg4 10. d5 Na7 11. Nf1 c5 12. Ng3 b5 13. Bc2 h6 14. h3 Bh5 15. Nxh5
Nxh5 16. Nxe5 dxe5 17. Qxh5 Bf6 18. Qg4 Nc8 19. Bxh6 Ne7 20. Be3 Ng6 21. Bxc5
Re8 22. Bb3 Qc7 23. Be3 Nf4 24. Rad1 g6 25. g3 Nh5 26. d6 Qb7 27. Bd5 1-0

[Event "SR 4. liga A21 2013/2014"]
[Site "?"]
[Date "2014.03.30"]
[Round "11.2"]
[White "Orvisky, Vladimir"]
[Black "Slaby, Jozef"]
[Result "1-0"]
[WhiteElo "1817"]
[BlackElo "1874"]
[PlyCount "115"]
[EventDate "2013.??.??"]

1. c4 Nf6 2. Nc3 e6 3. e4 d6 4. d4 Nc6 5. Nf3 Be7 6. Be2 O-O 7. O-O b6 8. a3
Bb7 9. Qc2 Re8 10. Rd1 Qc8 11. b4 Bf8 12. Bd3 g6 13. Qe2 Bg7 14. Bd2 e5 15.
dxe5 Nxe5 16. Nxe5 Rxe5 17. f3 Qd7 18. Bf4 Re7 19. Qd2 Rd8 20. Rac1 Qe8 21. Qc2
c6 22. Bf1 Red7 23. Qb3 h6 24. h3 Qe6 25. Rd2 d5 26. cxd5 cxd5 27. exd5 Nxd5
28. Bc4 g5 29. Nxd5 Bxd5 30. Bxd5 Rxd5 31. Rxd5 Qxd5 32. Qxd5 Rxd5 33. Rc8+ Kh7
34. Bb8 Rd3 35. Bxa7 Bd4+ 36. Kf1 Rxa3 37. Rc7 Kg7 38. Rb7 Bc3 39. Bxb6 Kg6 40.
Bc5 Ra1+ 41. Ke2 Ra2+ 42. Kd3 Be5 43. g4 Rh2 44. Rb6+ Kh7 45. Bd6 Bxd6 46. Rxd6
Rxh3 47. Ke4 Rh1 48. b5 Rb1 49. b6 Kg7 50. Kd5 Rb3 51. Kc6 Rxf3 52. b7 Rb3 53.
Kc7 f5 54. gxf5 g4 55. b8=Q Rxb8 56. Kxb8 h5 57. Rg6+ Kh7 58. Kc7 1-0

[Event "SR 4. liga A21 2013/2014"]
[Site "?"]
[Date "2014.03.30"]
[Round "11.2"]
[White "Vagovic, Milan"]
[Black "Krchnak, Rudolf"]
[Result "1/2-1/2"]
[WhiteElo "1702"]
[BlackElo "1821"]
[PlyCount "76"]
[EventDate "2013.??.??"]

1. d4 Nf6 2. Bg5 Ne4 3. Nf3 Nxg5 4. Nxg5 e6 5. Nf3 b6 6. e3 Bb7 7. Be2 c5 8. c3
Qc7 9. Nbd2 d5 10. O-O Nd7 11. c4 Nf6 12. cxd5 Bxd5 13. Bb5+ Bc6 14. Qa4 Bxb5
15. Qxb5+ Qd7 16. Qe2 a6 17. Nc4 Qb7 18. Rfd1 Be7 19. a4 O-O 20. Rd3 b5 21.
Nce5 c4 22. Rd2 h6 23. h3 Rfc8 24. Rc2 Rc7 25. axb5 axb5 26. Rac1 Nd5 27. e4
Nb4 28. Rd2 f6 29. Ng6 Nd3 30. Nxe7+ Rxe7 31. Rb1 Ra2 32. g3 Qa8 33. Kh2 Ra1
34. Rdd1 Rea7 35. Ne1 Rxb1 36. Rxb1 Nxe1 37. Qxe1 Rd7 38. Ra1 Qd8 1/2-1/2

[Event "SR 4. liga A21 2013/2014"]
[Site "?"]
[Date "2014.03.30"]
[Round "11.2"]
[White "Smrek, Peter"]
[Black "Piestansky, Jan"]
[Result "1-0"]
[WhiteElo "1811"]
[BlackElo "1658"]
[PlyCount "73"]
[EventDate "2013.??.??"]

1. c4 e5 2. Nc3 d6 3. g3 Nf6 4. Bg2 Nc6 5. a3 Bd7 6. b4 Rb8 7. e3 Be7 8. Nge2
a6 9. Bb2 O-O 10. O-O h6 11. Nd5 Nxd5 12. cxd5 Na7 13. f4 exf4 14. Nxf4 Nc8 15.
Nh5 f6 16. Nf4 Qe8 17. Qc2 Bd8 18. Ng6 Rf7 19. Bf3 Bh3 20. Rf2 Qb5 21. Nf4 Qd7
22. Bh5 Bf5 23. e4 g6 24. Nxg6 Bxg6 25. Bxg6 Rg7 26. Bf5 Qe8 27. Be6+ Kh8 28.
Rxf6 Bxf6 29. Bxf6 Qg6 30. Rf1 Ne7 31. Bxg7+ Qxg7 32. Rf7 Qd4+ 33. Kg2 Ng8 34.
Qxc7 Qxe4+ 35. Kh3 Re8 36. Bf5 Re7 37. Rh7+ 1-0

[Event "SR 4. liga A21 2013/2014"]
[Site "?"]
[Date "2014.03.30"]
[Round "11.2"]
[White "Prvy, Alojz"]
[Black "Kosiarcik, Maximilian"]
[Result "1/2-1/2"]
[WhiteElo "1498"]
[BlackElo "1239"]
[PlyCount "93"]
[EventDate "2013.??.??"]

1. Nf3 Nf6 2. d4 e6 3. Nc3 d5 4. Bf4 Bb4 5. Bd2 c5 6. a3 Bxc3 7. Bxc3 cxd4 8.
Qxd4 Nc6 9. Qh4 Qe7 10. Bxf6 gxf6 11. e3 e5 12. Qa4 Rg8 13. g3 Rg4 14. Qb5 a6
15. Qxd5 Be6 16. Qd1 Rd8 17. Nd2 e4 18. Bg2 Ne5 19. Qe2 f5 20. O-O Qf6 21. Rad1
Qh6 22. f4 Rxg3 23. hxg3 Ng4 24. Bh1 Qh3 25. Qg2 Qxg2+ 26. Bxg2 Nxe3 27. Rfe1
Nxd1 28. Rxd1 e3 29. Bf3 Rxd2 30. Rxd2 exd2 31. Bd1 Kd7 32. Kf2 Kd6 33. Ke3 b6
34. Kxd2 Kd5 35. Kd3 Bd7 36. c4+ Kd6 37. Kd4 Bc6 38. Bc2 Bd7 39. b4 f6 40. Bd3
h6 41. c5+ Kc6 42. b5+ axb5 43. cxb6 Kxb6 44. Be2 Bc6 45. Bh5 Ka5 46. Bd1 Kb6
47. Bh5 1/2-1/2

[Event "SR 4. liga A21 2013/2014"]
[Site "?"]
[Date "2014.03.30"]
[Round "11.2"]
[White "Varga, Adam"]
[Black "Slaba, Andrea"]
[Result "1-0"]
[WhiteElo "1216"]
[BlackElo "1294"]
[PlyCount "41"]
[EventDate "2013.??.??"]

1. e4 Nf6 2. Nc3 d5 3. e5 d4 4. exf6 dxc3 5. fxe7 cxd2+ 6. Qxd2 Qxd2+ 7. Bxd2
Bxe7 8. O-O-O O-O 9. Bc4 Bf6 10. Bf4 c6 11. Ne2 Bf5 12. Ng3 Bg6 13. Rhe1 b5 14.
Bd3 Bxd3 15. Rxd3 a5 16. Ne4 Rc8 17. Nxf6+ gxf6 18. Re7 Na6 19. Rg3+ Kf8 20.
Bd6 Rd8 21. Re6+ 1-0

[Event "SR 4. liga A21 2013/2014"]
[Site "?"]
[Date "2014.03.30"]
[Round "11.3"]
[White "Lanik, Miroslav"]
[Black "Hudacek, Josef"]
[Result "1/2-1/2"]
[WhiteElo "1925"]
[BlackElo "2040"]
[PlyCount "38"]
[EventDate "2013.??.??"]

1. e4 e5 2. Nf3 Nc6 3. Bb5 a6 4. Ba4 Nf6 5. O-O Nxe4 6. d4 b5 7. Bb3 d5 8. dxe5
Be6 9. Nbd2 Nc5 10. c3 Nxb3 11. Nxb3 Be7 12. h3 O-O 13. Re1 Re8 14. Nfd4 Nxd4
15. cxd4 a5 16. Be3 a4 17. Nc5 Bxc5 18. dxc5 c6 19. Qd2 Qe7 1/2-1/2

[Event "SR 4. liga A21 2013/2014"]
[Site "?"]
[Date "2014.03.30"]
[Round "11.3"]
[White "Kubis, Ivan"]
[Black "Palka, Miroslav"]
[Result "1-0"]
[WhiteElo "1992"]
[BlackElo "1924"]
[PlyCount "51"]
[EventDate "2013.??.??"]

1. e4 c5 2. Nf3 d6 3. d4 cxd4 4. Nxd4 Nf6 5. Nc3 g6 6. Be3 Bg7 7. f3 O-O 8. Qd2
Nc6 9. Bc4 Bd7 10. O-O-O Qa5 11. Bb3 Rfc8 12. Kb1 Ne5 13. h4 Nc4 14. Bxc4 Rxc4
15. Nb3 Qa6 16. h5 Rac8 17. hxg6 hxg6 18. Bh6 Bh8 19. Bf8 Rxf8 20. Rxh8+ Kxh8
21. Qh6+ Kg8 22. Nd5 Rxe4 23. Nxf6+ exf6 24. Rh1 Bh3 25. fxe4 Re8 26. Rxh3 1-0

[Event "SR 4. liga A21 2013/2014"]
[Site "?"]
[Date "2014.03.30"]
[Round "11.3"]
[White "Kubik, Peter"]
[Black "Vogl, Zdenek"]
[Result "0-1"]
[WhiteElo "1771"]
[BlackElo "1899"]
[PlyCount "56"]
[EventDate "2013.??.??"]

1. e4 e5 2. Nf3 Nc6 3. Nc3 Nf6 4. Bb5 d6 5. d4 exd4 6. Nxd4 Bd7 7. O-O Be7 8.
Re1 O-O 9. Bxc6 bxc6 10. Bf4 c5 11. Nf3 Rb8 12. Rb1 Nh5 13. Nd5 Nxf4 14. Nxf4
c6 15. c4 Bg4 16. h3 Bxf3 17. Qxf3 Bf6 18. Nd3 Bd4 19. e5 d5 20. b3 Re8 21. Qf5
Qc7 22. e6 fxe6 23. Rxe6 Rf8 24. Qh5 dxc4 25. Ne5 Rxf2 26. Kh1 Rbf8 27. Nf3 Qg3
28. Rg1 R2xf3 0-1

[Event "SR 4. liga A21 2013/2014"]
[Site "?"]
[Date "2014.03.30"]
[Round "11.3"]
[White "Kubik, Peter"]
[Black "Tokos, Rastislav"]
[Result "1-0"]
[WhiteElo "1824"]
[BlackElo "1846"]
[PlyCount "149"]
[EventDate "2013.??.??"]

1. e4 c5 2. Nf3 Nc6 3. d4 cxd4 4. Nxd4 g6 5. Nc3 Bg7 6. Be3 d6 7. Bc4 Nf6 8. f3
a6 9. Qd2 Nxd4 10. Bxd4 O-O 11. O-O-O Qc7 12. Be2 b5 13. h4 Be6 14. Nd5 Bxd5
15. exd5 Nh5 16. Bxg7 Kxg7 17. g4 Ng3 18. Qd4+ f6 19. Rh2 Nxe2+ 20. Rxe2 Rf7
21. f4 Qc5 22. Qd3 Rc8 23. h5 Qc4 24. Qxc4 Rxc4 25. hxg6 hxg6 26. Rf2 g5 27.
Rdf1 gxf4 28. Rxf4 Rxf4 29. Rxf4 Kg6 30. a4 f5 31. axb5 axb5 32. Kd2 Kg5 33.
Ke3 Rh7 34. Rxf5+ Kxg4 35. Rf4+ Kg5 36. Rf8 Rh2 37. Kd3 Kg6 38. Rb8 Rh3+ 39.
Kd2 Rh2+ 40. Kc3 Rh3+ 41. Kb4 Rh2 42. Rc8 Rd2 43. Kxb5 Rxd5+ 44. Kc4 Rd2 45.
Kc3 Rd1 46. Rf8 e5 47. b4 e4 48. b5 e3 49. Re8 d5 50. b6 Rb1 51. Rxe3 Rxb6 52.
Kd4 Kf6 53. Kxd5 Rb8 54. Re6+ Kf7 55. c4 Rd8+ 56. Rd6 Ra8 57. c5 Ke7 58. Re6+
Kd8 59. Rh6 Ra2 60. Rh8+ Kc7 61. Rh7+ Kd8 62. Kd6 Rd2+ 63. Kc6 Rb2 64. Rh8+ Ke7
65. Kc7 Rb3 66. c6 Rb2 67. Rd8 Rb3 68. Rd7+ Ke8 69. Kc8 Rc3 70. c7 Rb3 71. Rd6
Ke7 72. Ra6 Rb2 73. Ra7 Rb3 74. Rb7 Rc3 75. Kb8 1-0

[Event "SR 4. liga A21 2013/2014"]
[Site "?"]
[Date "2014.03.30"]
[Round "11.3"]
[White "Bendzela, Tibor"]
[Black "Vach, Jozef"]
[Result "1-0"]
[WhiteElo "1480"]
[BlackElo "1799"]
[PlyCount "64"]
[EventDate "2013.??.??"]

1. e4 e5 2. d4 exd4 3. Qxd4 Nc6 4. Qe3 d6 5. Nc3 Nf6 6. Bd2 Bd7 7. O-O-O a6 8.
h3 b5 9. g4 Be7 10. f4 Qc8 11. Bg2 h6 12. Nge2 Rb8 13. e5 dxe5 14. fxe5 Ng8 15.
Qg3 Nd8 16. g5 hxg5 17. Bxg5 Bxg5+ 18. Qxg5 Ne6 19. Qg3 Ne7 20. Nf4 Nf5 21. Qf2
O-O 22. Nh5 Ne7 23. Nd5 Nxd5 24. Bxd5 Rd8 25. Qg3 g6 26. Rhf1 Be8 27. Qh4 c6
28. Nf6+ Kg7 29. Qh7+ Kf8 30. Qh8+ Ke7 31. Ng8+ Kd7 32. Bxe6+ Kxe6 1-0

[Event "SR 4. liga A21 2013/2014"]
[Site "?"]
[Date "2014.03.30"]
[Round "11.4"]
[White "Kovarik, Oto"]
[Black "Nemeckay, Rastislav"]
[Result "1/2-1/2"]
[WhiteElo "1925"]
[BlackElo "1986"]
[PlyCount "48"]
[EventDate "2013.??.??"]

1. e4 e5 2. Nf3 Nc6 3. Bb5 a6 4. Bxc6 dxc6 5. h3 c5 6. Nc3 Qd6 7. d3 f6 8. Be3
Be6 9. Qe2 Ne7 10. Nd2 Nc6 11. O-O Nd4 12. Qd1 g5 13. Ne2 O-O-O 14. Ng3 Be7 15.
Bxd4 Qxd4 16. b3 Qd7 17. Nc4 h5 18. Ne3 g4 19. h4 Bf8 20. Nef5 Bh6 21. Qe1 Bf4
22. Qc3 b6 23. a4 a5 24. Rfd1 Qf7 1/2-1/2

[Event "SR 4. liga A21 2013/2014"]
[Site "?"]
[Date "2014.03.30"]
[Round "11.4"]
[White "Celustkova, Lubica"]
[Black "Cerovsky, Marian"]
[Result "1/2-1/2"]
[WhiteElo "1618"]
[BlackElo "1832"]
[PlyCount "62"]
[EventDate "2013.??.??"]

1. e4 e6 2. d4 Nf6 3. Bd3 Be7 4. Nf3 b6 5. Bf4 Bb7 6. Nbd2 c5 7. c3 cxd4 8.
cxd4 Nc6 9. O-O Nb4 10. Bb1 Rc8 11. a3 Nc6 12. Qe2 h6 13. Nc4 O-O 14. Nd6 Bxd6
15. Bxd6 Ne7 16. Bd3 Ne8 17. Bb4 a5 18. Bd2 Ng6 19. Ne1 Nf6 20. f4 Ne7 21. e5
Nfd5 22. Qg4 f5 23. Qe2 g6 24. Nc2 Kg7 25. Rac1 Rh8 26. b4 h5 27. Qf2 Ng8 28.
Ne3 Nxe3 29. Bxe3 Nh6 30. Be2 Bd5 31. g3 Rxc1 1/2-1/2

[Event "SR 4. liga A21 2013/2014"]
[Site "?"]
[Date "2014.03.30"]
[Round "11.4"]
[White "Damborsky, Pavol"]
[Black "Klimes, Karel"]
[Result "1-0"]
[WhiteElo "1836"]
[BlackElo "1651"]
[PlyCount "75"]
[EventDate "2013.??.??"]

1. c4 e5 2. e4 Nf6 3. d3 d6 4. h3 Be7 5. Nf3 h6 6. Nc3 Bd7 7. Be2 a6 8. O-O O-O
9. Nh2 Nh7 10. f4 exf4 11. Bxf4 Nc6 12. Nd5 Bg5 13. Bg4 Be6 14. Bxe6 fxe6 15.
Bxg5 Nxg5 16. Ne3 Nd4 17. Qg4 Qe7 18. Rxf8+ Rxf8 19. Rf1 Rxf1+ 20. Nhxf1 Qf6
21. h4 Nf7 22. h5 Ne5 23. Qd1 Qg5 24. Kh1 Nd7 25. Qg4 Qxg4 26. Nxg4 Nc5 27. Nf2
Ne2 28. g4 Nc1 29. d4 N5d3 30. Nxd3 Nxd3 31. Kg2 Nxb2 32. Nd2 Kf7 33. Kf3 Kf6
34. Ke3 Kg5 35. Kf3 b6 36. Kg3 c5 37. e5 dxe5 38. dxe5 1-0

[Event "SR 4. liga A21 2013/2014"]
[Site "?"]
[Date "2014.03.30"]
[Round "11.4"]
[White "Kanka, Tomas"]
[Black "Dubecky, Ladislav"]
[Result "1-0"]
[WhiteElo "1688"]
[BlackElo "1675"]
[PlyCount "79"]
[EventDate "2013.??.??"]

1. e4 e5 2. Nf3 d6 3. d4 exd4 4. Nxd4 Nf6 5. Nc3 Be7 6. Be2 O-O 7. O-O a6 8.
Re1 c5 9. Nf3 Nc6 10. a3 b5 11. Bf1 Qc7 12. Nd5 Nxd5 13. exd5 Ne5 14. Nxe5 dxe5
15. c4 bxc4 16. Bxc4 Bd6 17. Qh5 f5 18. Rxe5 Kh8 19. Re8 Bb7 20. Rxa8 Rxa8 21.
Bd2 g6 22. Qh6 Be5 23. Bg5 Bg7 24. Qh4 Qe5 25. Rd1 Re8 26. d6 Bc6 27. d7 Bxd7
28. Rxd7 Qe1+ 29. Bf1 Qe6 30. Ra7 Qb6 31. Rxa6 Qxb2 32. Rxg6 Re1 33. Bf6 Rxf1+
34. Kxf1 Qb5+ 35. Kg1 Qd3 36. h3 Qd1+ 37. Kh2 Qd6+ 38. g3 Bxf6 39. Qxf6+ Qxf6
40. Rxf6 1-0

[Event "SR 4. liga A21 2013/2014"]
[Site "?"]
[Date "2014.03.30"]
[Round "11.4"]
[White "Pisecky, Jan"]
[Black "Wallner, Juraj"]
[Result "0-1"]
[WhiteElo "1501"]
[BlackElo "1512"]
[PlyCount "92"]
[EventDate "2013.??.??"]

1. e4 c5 2. Nf3 e6 3. c3 d5 4. Bb5+ Nc6 5. Ne5 Qc7 6. Nxc6 bxc6 7. Ba4 dxe4 8.
O-O Nf6 9. f3 exf3 10. Qxf3 Bd7 11. c4 Bd6 12. h3 h5 13. d3 O-O-O 14. Bg5 Be7
15. Bf4 Bd6 16. Nc3 Bxf4 17. Qxf4 Qxf4 18. Rxf4 e5 19. Rf3 Kc7 20. Re3 Rhe8 21.
Ne4 Nxe4 22. dxe4 Be6 23. Bd1 g6 24. b3 Rd2 25. Re2 Red8 26. Rxd2 Rxd2 27. Bf3
f5 28. Kh2 fxe4 29. Bxe4 Bf5 30. Re1 Bxe4 31. Rxe4 Kd6 32. Re3 h4 33. Re4 Rd4
34. Re2 e4 35. g3 g5 36. gxh4 gxh4 37. Kg2 Ke5 38. Kf1 Rd3 39. Kg2 Rg3+ 40. Kh2
e3 41. a3 Ke4 42. Re1 Kd3 43. Rd1+ Kc2 44. Rd6 e2 45. Re6 Kd2 46. Rd6+ Rd3 0-1

[Event "SR 4. liga A21 2013/2014"]
[Site "?"]
[Date "2014.03.30"]
[Round "11.5"]
[White "Vepy, Ivan"]
[Black "Gono, Michal"]
[Result "1-0"]
[WhiteElo "1926"]
[BlackElo "1941"]
[PlyCount "63"]
[EventDate "2013.??.??"]

1. e4 d5 2. exd5 Nf6 3. Nf3 Nxd5 4. d4 Bf5 5. Bd3 Bg4 6. Bd2 e6 7. h3 Bh5 8.
Nc3 c6 9. a3 Qb6 10. Nxd5 cxd5 11. c3 Nc6 12. Qe2 Bd6 13. Qe3 Bxf3 14. Qxf3 Na5
15. Rb1 Nc4 16. Bc1 Bc7 17. O-O O-O 18. Re1 Rae8 19. Re2 Qd6 20. g3 e5 21. Bxc4
dxc4 22. Qxb7 exd4 23. Rxe8 Rxe8 24. Bd2 Re2 25. Bf4 Qf6 26. Qxc7 g5 27. Qc8+
Kg7 28. Qxc4 Qf5 29. Rd1 d3 30. Be3 Qf3 31. Qd4+ f6 32. Rf1 1-0

[Event "SR 4. liga A21 2013/2014"]
[Site "?"]
[Date "2014.03.30"]
[Round "11.5"]
[White "Curidlo, Jan"]
[Black "Brisudova, Veronika"]
[Result "0-1"]
[WhiteElo "1852"]
[BlackElo "1896"]
[PlyCount "66"]
[EventDate "2013.??.??"]

1. e4 c5 2. Nf3 Nc6 3. d4 cxd4 4. Nxd4 a6 5. Nc3 e5 6. Nf3 Bb4 7. Bd2 Nf6 8.
Bd3 O-O 9. a3 Bc5 10. O-O h6 11. h3 b5 12. b4 Ba7 13. Ne2 Nxe4 14. Bxe4 d5 15.
Bxd5 Qxd5 16. c3 Bxh3 17. c4 bxc4 18. Nc3 Qe6 19. gxh3 Qxh3 20. Be3 Rfd8 21.
Qe2 Nd4 22. Bxd4 exd4 23. Na4 Qg4+ 24. Kh1 d3 25. Qd1 Rd5 26. Nh2 Qh4 27. Qf3
Bb8 28. Qg2 Rg5 29. Rg1 Rxg2 30. Rxg2 Bxh2 31. Rxh2 Qe4+ 32. Kg1 d2 33. Rf1 Qe2
0-1

[Event "SR 4. liga A21 2013/2014"]
[Site "?"]
[Date "2014.03.30"]
[Round "11.5"]
[White "Jarabek, Milan"]
[Black "Gubis, Vladimir"]
[Result "1-0"]
[WhiteElo "1744"]
[BlackElo "1796"]
[PlyCount "73"]
[EventDate "2013.??.??"]

1. e4 c5 2. Nf3 d6 3. d4 cxd4 4. Nxd4 Nf6 5. Nc3 a6 6. Bc4 e6 7. Bb3 Be7 8. Be3
Nc6 9. Qe2 Qc7 10. O-O-O Na5 11. Rhg1 Nxb3+ 12. Nxb3 b5 13. g4 Bb7 14. f3 Rc8
15. g5 Nd7 16. Qd2 Ne5 17. Rg2 Nc4 18. Qd4 Nxe3 19. Qxe3 Bc6 20. Nd4 Bd7 21.
Rgd2 Qc5 22. f4 e5 23. Nf5 Qxe3 24. Nxe3 exf4 25. Nf5 Bxf5 26. exf5 Rc5 27. f6
gxf6 28. gxf6 Bf8 29. Ne4 Rc6 30. Nxd6+ Rxd6 31. Rxd6 Bxd6 32. Rxd6 Rg8 33. Rd4
Rg1+ 34. Kd2 Rg2+ 35. Kc3 Rxh2 36. Rxf4 h5 37. Re4+ {Cierny padol na cas.} 1-0

[Event "SR 4. liga A21 2013/2014"]
[Site "?"]
[Date "2014.03.30"]
[Round "11.5"]
[White "Bardik, Jozef"]
[Black "Harastova, Viera"]
[Result "0-1"]
[WhiteElo "1878"]
[BlackElo "1877"]
[PlyCount "56"]
[EventDate "2013.??.??"]

1. d4 d5 2. c4 c6 3. Nf3 Bf5 4. Nc3 Nf6 5. Bg5 Nbd7 6. e3 e6 7. Nh4 Bg6 8. Nxg6
fxg6 9. c5 Be7 10. f4 Ng8 11. Bxe7 Qxe7 12. Bd3 Nh6 13. O-O Nf5 14. Rf3 Nf6 15.
Rh3 Qc7 16. g4 Ne7 17. b4 Kd7 18. Qf3 Raf8 19. Rf1 b6 20. Na4 b5 21. Nc3 a5 22.
a3 axb4 23. axb4 Qa7 24. g5 Nh5 25. Qe2 Qa3 26. Na2 Ra8 27. Rf2 Ra7 28. Qb2
Qxd3 0-1

[Event "SR 4. liga A21 2013/2014"]
[Site "?"]
[Date "2014.03.30"]
[Round "11.5"]
[White "Antalek, Rudolf"]
[Black "Sedlak, Rastislav"]
[Result "0-1"]
[WhiteElo "1533"]
[BlackElo "1761"]
[PlyCount "154"]
[EventDate "2013.??.??"]

1. e4 e5 2. Nf3 Nc6 3. Bc4 Nf6 4. d4 exd4 5. O-O Bc5 6. e5 Ng8 7. c3 d5 8. exd6
Qxd6 9. Qb3 Be6 10. Re1 O-O-O 11. Bxe6+ fxe6 12. Rxe6 Qd5 13. Bf4 Qxb3 14. axb3
Nf6 15. b4 Bb6 16. b5 Na5 17. Nbd2 dxc3 18. bxc3 Rhe8 19. Rxe8 Rxe8 20. c4 c6
21. Re1 Rxe1+ 22. Nxe1 cxb5 23. cxb5 Nd5 24. Be5 g6 25. Nc2 Kd7 26. Nd4 Nc3 27.
N2f3 Nc4 28. Bf6 Nd6 29. Ng5 Bxd4 30. Bxd4 Ncxb5 31. Bf6 h5 32. Nf3 Ke6 33. Ba1
a5 34. Ne5 g5 35. Kf1 Na3 36. Nd3 Kd5 37. f4 g4 38. h3 b5 39. hxg4 hxg4 40. Kf2
Ke4 41. Ke2 Nac4 42. g3 Nf5 43. Nf2+ Kd5 44. Nxg4 Nxg3+ 45. Kf3 Nf5 46. Nf6+
Ke6 47. Ne4 b4 48. Kg4 Ncd6 49. Kf3 Kd5 50. Nd2 a4 51. Kg4 Ne3+ 52. Kg5 Ne4+
53. Nxe4 Kxe4 54. Bb2 a3 55. Bc1 Nf5 56. Kg4 Nd4 57. Kg5 Ne2 58. f5 Nxc1 59. f6
a2 60. f7 a1=Q 61. f8=Q Qe5+ 62. Kg6 Qg3+ 63. Kh7 Qh4+ 64. Kg7 Qg5+ 65. Kh8
Qe5+ 66. Kg8 b3 67. Qb4+ Kd3 68. Qa3 Kc2 69. Qa4 Nd3 70. Qc6+ Qc3 71. Qg2+ Kb1
72. Qf1+ Nc1 73. Qf5+ Qc2 74. Qe5 Qc8+ 75. Kg7 b2 76. Qd4 Ka1 77. Qe5 Na2 0-1

[Event "SR 4. liga A21 2013/2014"]
[Site "?"]
[Date "2014.03.30"]
[Round "11.6"]
[White "Ocko, Martin"]
[Black "Hirmajer, Jan"]
[Result "1/2-1/2"]
[WhiteElo "1736"]
[BlackElo "1957"]
[PlyCount "74"]
[EventDate "2013.??.??"]

1. d4 g6 2. c4 Bg7 3. g3 c5 4. d5 d6 5. Bg2 Nh6 6. Nf3 Nd7 7. O-O Ng4 8. e4
Nge5 9. Nxe5 Nxe5 10. Qb3 O-O 11. Nd2 Qb6 12. Nf3 Qxb3 13. axb3 Nd3 14. Rb1
Nxc1 15. Rfxc1 a5 16. Re1 a4 17. bxa4 Rxa4 18. b3 Ra3 19. Bf1 b6 20. Kg2 Bd7
21. Bd3 b5 22. e5 bxc4 23. Bxc4 Bf5 24. Rbc1 Bh6 25. exd6 exd6 26. Ra1 Rxa1 27.
Rxa1 Be4 28. h4 f5 29. Ra6 Rf6 30. Ra8+ Bf8 31. Ra1 h6 32. Re1 g5 33. hxg5 hxg5
34. g4 fxg4 35. Rxe4 gxf3+ 36. Kg3 Bh6 37. Re6 Kg7 1/2-1/2

[Event "SR 4. liga A21 2013/2014"]
[Site "?"]
[Date "2014.03.30"]
[Round "11.6"]
[White "Lajda, Dusan"]
[Black "Mudroch, Martin"]
[Result "1-0"]
[WhiteElo "1863"]
[BlackElo "1360"]
[PlyCount "45"]
[EventDate "2013.??.??"]

1. e4 c6 2. d4 d5 3. e5 Bf5 4. Nf3 Nd7 5. c3 e6 6. Bd3 Bxd3 7. Qxd3 Be7 8. O-O
Qb6 9. Nbd2 O-O-O 10. b4 Nh6 11. Nb3 Nf5 12. a4 a6 13. Bd2 h5 14. Rfb1 Rdg8 15.
b5 c5 16. Nxc5 Nxc5 17. dxc5 Bxc5 18. bxa6 Qxa6 19. Rb5 Qa7 20. Rab1 b6 21. Nd4
Ne7 22. Nb3 Qa6 23. Nxc5 1-0

[Event "SR 4. liga A21 2013/2014"]
[Site "?"]
[Date "2014.03.30"]
[Round "11.6"]
[White "Trojkova, Michaela"]
[Black "Tomasovic, Martin"]
[Result "1-0"]
[WhiteElo "1455"]
[BlackElo "1715"]
[PlyCount "113"]
[EventDate "2013.??.??"]

1. e4 e5 2. Nf3 Nc6 3. Bc4 Bc5 4. O-O Nf6 5. d3 h6 6. Nc3 d6 7. h3 O-O 8. Be3
Nd4 9. Nd5 c6 10. Nxf6+ Qxf6 11. Nxd4 Bxd4 12. Bxd4 exd4 13. f4 Qg6 14. f5 Qg5
15. Qf3 b5 16. Bb3 a5 17. a4 Bb7 18. Kh1 Kh8 19. Rf2 f6 20. Re1 Rfe8 21. Qf4
Qxf4 22. Rxf4 bxa4 23. Bxa4 Re5 24. g4 Rae8 25. Ref1 d5 26. exd5 Rxd5 27. Bb3
Rd6 28. Kg1 c5 29. Be6 Rb6 30. b3 Ra6 31. Ra1 g5 32. Rf2 Kg7 33. Re2 Bc6 34.
Ree1 Rea8 35. Bc4 R6a7 36. Re6 Be8 37. Bd5 Rd8 38. Be4 Rc8 39. Rb6 h5 40. Kf2
hxg4 41. hxg4 Bf7 42. Rb5 Rh8 43. Kg3 Re8 44. Rxc5 Re5 45. Rc8 Bd5 46. Bxd5
Rxd5 47. Re8 Rc5 48. Ra2 Kf7 49. Re2 Ra6 50. Ra4 Rac6 51. Rxd4 Rxc2 52. Rd7+
Kf8 53. Ree7 R2c3 54. Rh7 Ke8 55. Ra7 Rxd3+ 56. Kf2 Rc2+ 57. Ke1 1-0